Lý thuyết tiền tệ - ngân hàng /

Đại cương về tiền tệ; Các học thuyết tiền tệ, lạm phát; Tín dụng và lãi suất tín dụng; Hệ thống ngân hàng trong nền kinh tế thị trường; Ngân hàng trung ương, thương mại; Quan hệ tài chính tín dụng và thanh toán quốc tế; Thị trường tài chính......

Cijeli opis

Spremljeno u:
Bibliografski detalji
Glavni autor: Nguyễn Ngọc Hùng, PTS.
Format: Knjiga
Jezik:Vietnamese
Izdano: Tp.HCM : Tài chính, 1998.
Teme:
Oznake: Dodaj oznaku
Bez oznaka, Budi prvi tko označuje ovaj zapis!
Thư viện lưu trữ: Mạng thư viện Đại học Đà Nẵng
LEADER 01191cam a2200361 i 4500
001 000043179
003 1054
005 20041029150857.0
008 010228b1998 vm 000 vie
020 |c 37000 
022 |a T 
040 |a IRC  |c IRC  |d IRC 
041 0 |a vie 
082 1 4 |a 332.1  |b NG-H 
100 1 |a Nguyễn Ngọc Hùng,  |c PTS. 
245 1 0 |a Lý thuyết tiền tệ - ngân hàng /  |c Nguyễn Ngọc Hùng. 
260 |a Tp.HCM :  |b Tài chính,  |c 1998. 
300 |a 567 tr. ;  |c 20,5 cm. 
520 3 |a Đại cương về tiền tệ; Các học thuyết tiền tệ, lạm phát; Tín dụng và lãi suất tín dụng; Hệ thống ngân hàng trong nền kinh tế thị trường; Ngân hàng trung ương, thương mại; Quan hệ tài chính tín dụng và thanh toán quốc tế; Thị trường tài chính... 
630 0 4 |a Kinh tế. 
630 0 4 |a Ngân hàng. 
650 0 4 |a Ngân hàng. 
650 0 4 |a Tiền tệ. 
OWN |a DUT 
999 |a From the UDN01 
TYP |a Monograph 
TYP |a Printed language 
980 |a Mạng thư viện Đại học Đà Nẵng